00317nam a2200109Ia 4500008004100000020001800041040002900059050002400088100004400112245001900156260003200175221216s9999||||xx |||||||||||||| ||und|| a978 007327322 cChuka University Library aHD 58.7b .M85 2007 aMcConnell, Campbell R. and Stanley Brue 0aMicroeconomics aMCGRAW HILLbNEW YORKc2007